| 000 | 00757nam a2200253 a 4500 | ||
|---|---|---|---|
| 001 | BRL_1202 | ||
| 005 | 20190320211100.0 | ||
| 008 | 271113s1946----mx-a######---#000-0#spa-# | ||
| 041 | _aspa | ||
| 044 | _amx | ||
| 050 | 4 |
_aCB351 _b.B45 1946 |
|
| 100 | 1 |
_aBühler, J. _926101 |
|
| 245 | 1 | 0 |
_aVida y Cultura en la edad media _cJ. Bühler ; versión española de Wenceslao Roces. |
| 260 |
_aMéxico _bFondo de Cultura Económica _c1946 |
||
| 300 |
_a324 p. _bil. _c23 cm. |
||
| 440 | 0 |
_aSección de obras de historia _926102 |
|
| 500 | _aAu1402 | ||
| 504 | _aBibliografía: p. 315-321 | ||
| 650 | 1 | 4 |
_aCivilización medieval _917257 |
| 650 | 1 | 4 |
_aEdad Media _xHistoria _926103 |
| 700 | 1 |
_aRoces, Wenceslao _etr. _926104 |
|
| 902 | _aGRL | ||
| 942 |
_2lcc _cB |
||
| 999 |
_c10014 _d10014 |
||